Picasso in der Tschechoslowakei /

Hlavní autor: Petrová, Eva, 1928-2012
Další autoři: Fyman, Vladimír, 1923-2014, Neubert, Ladislav, 1927-
Jazyk: Němčina
Vydáno: Prag : Odeon, 1984
Vydání: 1., deutsche Ausgabe
Edice: Kunst der Welt
Témata:
Fyzický popis: 238 s. : reprodukce (některé barev.) ; 30 cm
Knihy
Uloženo v:
LEADER 01633nam a22004452a 4500
001 000908561
003 CZ BrMZK
005 20080815081522.0
007 ta
008 080815s1984 xr a er|||||||||||ger d
015 |a cnb000020461 
020 |q (Váz.) :  |c 130 Kčs 
035 |a (OCoLC)39585575 
040 |a ABA001  |b cze  |d ABA001  |d BOA001 
041 1 |a ger  |h cze 
080 9 |a 75/76Picasso,P. 
080 9 |a 929PIcasso,P. 
100 1 |a Petrová, Eva,  |d 1928-2012  |7 jk01092823  |4 aut 
245 1 0 |a Picasso in der Tschechoslowakei /  |c Eva Petrová ; Fotografien von Vladimír Fyman, Ladislav Neubert... [et al.] 
250 |a 1., deutsche Ausgabe 
260 |a Prag :  |b Odeon,  |c 1984  |f (PG) 
300 |a 238 s. :  |b reprodukce (některé barev.) ;  |c 30 cm 
490 1 |a Kunst der Welt ;  |v Band 88 
500 |a 2000 výt. 
500 |a Obálka a vazba Jiří Rathouský 
500 |a Katalog Picassova díla 
500 |a Přeloženo z češtiny 
500 |a Životopisná data, přehled výstav a zastoupení ve sbírkách 
504 |a Obsahuje bibliografii 
600 1 7 |a Picasso, Pablo,  |d 1881-1973  |7 jn19990006541  |2 czenas 
655 7 |a obrazové publikace  |7 fd132947  |2 czenas 
700 1 |a Fyman, Vladimír,  |d 1923-2014  |7 jn19981001290  |4 ill 
700 1 |a Neubert, Ladislav,  |d 1927-  |7 jk01090019  |4 ill 
765 0 |t Picasso v Československu  |9 Německy 
830 0 |a Kunst der Welt 
910 |a BOA001  |b 4-0880.801 
964 |a Picasso, Pablo - dílo - Československo - výstavy - sbírky 
990 |a BK 
991 |b 200808 
996 6 |b BC-596686  |c 4-0880.801  |l MZK  |r Sklad / do 1 hodiny  |n 0  |w 000908561  |u 000010  |a 1  |e BOA001  |j MZK50  |s P